000 00693nam0a22002411 4500
001 rc\1088895
005 20041126173806.0
035 _a(NLR Aleph) 006336105
090 _a7595716
_c7595716
100 _a20041126d1984 u |0rusy50 ca
101 0 _arus
102 _aRU
105 _aa |||||||||
200 1 _aЗанимательное садоводство
205 _a2-е изд., перераб. и доп.
210 _aАлма-Ата
_cМектеп
_d1984
215 _a231 с.
_cил.
_d16
700 1 _aМежаков
_bА. К.
_gАлексей Корнеевич
801 0 _aRU
_bNLR
_gpsbo
801 1 _aRU
_bELAR
_2rusmarc
852 _aNLR
_j85-2/251
942 _cBOOK
980 _aNB